000 00311nam a2200109 4500
999 _c9524
_d9524
008 180706b ||||| |||| 00| 0 eng d
245 _aDon't give police escorts other tasks, bets warned.
260 _aPhilippines
_bThe Philippine Star
_cc2016
300 _apage 9.
650 0 _928300
_aPolice.
942 _2ddc
_cPER